|
|
|
|
| LEADER |
00000nam a2200000Ii 4500 |
| 001 |
DIGUQBAR0018 |
| 003 |
NyNyDIG |
| 006 |
m o d |
| 007 |
cr ||||||||||| |
| 008 |
131101s2011 cl o 000 j spa d |
| 020 |
|
|
|a 9789568601935
|
| 020 |
|
|
|a 9568601937
|
| 035 |
|
|
|a (OCoLC)888284116
|
| 040 |
|
|
|a DGITA
|b eng
|e pn
|c DGITA
|
| 050 |
1 |
4 |
|a PQ8098.2.E38 eBook
|
| 100 |
1 |
|
|a Jeftanovic, Andrea,
|d 1970-
|
| 245 |
1 |
0 |
|a No aceptes caramelos de extraños /
|c Andrea Jeftanovic.
|
| 264 |
|
1 |
|a Santiago, Chile :
|b Uqbar Editores,
|c 2011.
|
| 300 |
|
|
|a 1 online resource (139 pages)
|
| 336 |
|
|
|a text
|b txt
|2 rdacontent
|
| 337 |
|
|
|a computer
|b c
|2 rdamedia
|
| 338 |
|
|
|a online resource
|b cr
|2 rdacarrier
|
| 490 |
1 |
|
|a Colección literatura. Cuentos
|
| 500 |
|
|
|a Short stories.
|
| 505 |
0 |
|
|a Árbolo genealógico -- Marejadas -- Primogénito -- Medio cuerpo afuera navegando por las ventanas -- La necesidad de ser hijo -- La desazón de ser anónimos -- En la playa, los niños-- -- Mañana saldremos en los titulares -- No aceptes caramelos de extraños -- Tribunal de familia -- Hasta que se apaguen las estrellas.
|
| 655 |
|
0 |
|a Electronic books.
|
| 791 |
2 |
|
|a Digitalia (Firm),
|e distributor.
|
| 830 |
|
0 |
|a Colección Literatura (Uqbar Editores).
|
| 830 |
|
0 |
|a Colección literatura (Uqbar Editores).
|p Cuentos.
|
| 793 |
0 |
|
|g Digitalia eBook Collection:
|a Uqbar Editores.
|
| 856 |
4 |
0 |
|3 Digitalia Hispánica
|u https://www.digitaliapublishing.com/a/21293/
|
| 910 |
|
|
|a Premium Collection: 2007-2012
|